Deep Rock Galactic: Complete Bestiary - Statistics

General Stats
  • This quiz has been taken 209 times
    46 since last reset
  • The average score is 34 of 77
Answer Stats
Answer % Correct
Grunt
95%
Grunt Guard
89%
Grunt Slasher
89%
Praetorian
89%
Acid Spitter
84%
Dreadnought
84%
Swarmer
84%
Tri-Jaw
84%
Web Spitter
84%
Oppressor
74%
Goo Bomber
68%
Spawn
68%
Exploder
63%
Frost Praetorian
63%
Youngling
63%
BET-C
58%
Bone Collector
58%
Breeder
58%
Bulk Detonator
58%
Caretaker
58%
Grabber
58%
Menace
58%
Radioactive Praetorian
58%
Shellback
58%
Tyrant-Weed
58%
Warden
58%
Brundle
53%
Dreadnought Hiveguard
53%
Septic Spreader
53%
Stalker
53%
Cave Leech
47%
Crassus Detonator
47%
Dreadnought Twins
47%
Lootbug
47%
Pit Jaw
47%
Sniper Turret
47%
Trawler
47%
Brood Nexus
42%
Frost Bomber
42%
Maggot
42%
Radioactive Exploder
42%
Scrab
42%
Shredder
42%
Golden Lootbug
37%
Burst Turret
32%
Crawler
32%
Ebonite Grunt
32%
Ebonite Praetorian
32%
Fester Flea
32%
Rockpox Grunt
32%
Rockpox Praetorian
32%
Shocker
32%
Stingtail
32%
Barrage Infector
26%
Bha Barnacle
26%
Honeycomb
26%
Mobula Cave Angel
26%
Nemesis
26%
Patrol Bot
26%
Repulsion Turret
26%
Spitball infector
26%
Bough Wasp Nest
21%
Rockpox Corruptor
21%
Carnivorous Larva
16%
Cave Cruiser
16%
Huuli Hoarder
16%
Robotic Appendage
16%
Rockpox Exploder
16%
Rockpox Goo Bomber
16%
Rockpox Larva
16%
Rockpox Spitter
16%
Silicate Harvester
16%
Vartok Scale Bramble
16%
Hexawing Gniffer
11%
Prospector Drone
11%
Stabber Vine
11%
Rockpox Breeder
5%
No matching quizzes found
Score Distribution
Percent of People with Each Score
Percentile by Number Answered
Your Score History
You have not taken this quiz since the last reset